000 00562nam a22001937a 4500
999 _c7749
_d7749
003 OSt
005 20220301111329.0
008 220228b ||||| |||| 00| 0 eng d
020 _a0868408263
040 _cDDC
082 _a305.96 BRO 2006
100 _aBrowne, peter
_915804
245 _aThe longest journey
_b: resettling refugees from Africa
260 _aAutralia
_b: University of New South Wales
_c, 2006
300 _avi, 165p.
_c; 21 cm
504 _aReferences Acknowledgements
650 _aRefuge - government policy
_915805
942 _2ddc
_cBOOK